000
00304nam a22001337a 4500
008
181221b xxu||||| |||| 00| 0 eng d
020
_a
9780198781097
041
_a
eng
080
_a
320
100
_a
21
101
_a
SHP
245
_a
The Globalization of World Politics
_c
Baylis,J
942
_2
udc
_c
BK
999
_c
53669
_d
53669